Fr. Conceicao Rodrigues College of Engineering

Integral Calculus II (Record no. 31218)

MARC details
000 -LEADER
fixed length control field 00252nam a2200121Ia 4500
100 ## - MAIN ENTRY--PERSONAL NAME
Personal name Bhola/ Bhola
245 ## - TITLE STATEMENT
Title Integral Calculus II
260 ## - PUBLICATION, DISTRIBUTION, ETC.
Name of publisher, distributor, etc. Campus Publications
Date of publication, distribution, etc. 2001
300 ## - PHYSICAL DESCRIPTION
Extent 432
546 ## - LANGUAGE NOTE
Language note ENGLISH
654 ## - SUBJECT ADDED ENTRY--FACETED TOPICAL TERMS
Focus term Calculus
942 ## - ADDED ENTRY ELEMENTS (KOHA)
Koha item type BOOK
Holdings
Withdrawn status Lost status Damaged status Not for loan Collection Home library Current library Date acquired Cost, normal purchase price Inventory number Total Checkouts Full call number Barcode Date last seen Cost, replacement price Price effective from Koha item type
        AFT Fr. Agnel's C.Rodrigues College of Engineering Fr. Agnel's C.Rodrigues College of Engineering 17/03/2023 10.00 1158   AFT875 17/03/2023 10.00 17/03/2023 BOOK